Comunidades autónomas de España por sigla - Estadísticas

Estadísticas generales
  • Esta prueba ha sido intentada 57 veces
  • La puntuación promedio es 14 de 17
Respuestas en el mapa
Las respuestas están codificadas por una escala verde-roja en el mapa de la prueba según el % correcto abajo.
 
Estadísticas de respuestas
Sigla Comunidad % Correcto
AN Andalucía
93%
GA Galicia
93%
AS Asturias
91%
EX Extremadura
91%
MD Madrid
91%
CL Castilla y León
89%
AR Aragón
86%
CM Castilla-La Mancha
86%
PV País Vasco
86%
CT Cataluña
84%
RI La Rioja
80%
MC Murcia
77%
CN Canarias
75%
IB Islas Baleares
75%
CB Cantabria
70%
VC Valencia
68%
NC Navarra
43%
No se encontraron pruebas coincidentes
Distribución de puntuación
Porcentaje de gente con cada puntuación
Porcentaje por número respondido
Historial de tus puntuaciones
No has intentado esta prueba.